Statystyki dla Najpopularniejsze piosenki sanah

Kliknij tutaj aby rozwiązać quiz!

Ogólne statystyki

  • Ten quiz został rozwiązany 1 080 razy
    (682 od ostatniego zresetowania)
  • Średni wynik to 8 z 16

Statystyki odpowiedzi

Liczba wyświetleń na youtubeTytuł utworu% Poprawnych
83mlnSzampan
93%
87mlnAle jazz
73%
67mlnMelodia
73%
38mlnKolońska i szlugi
59%
25mlnKrólowa dram
55%
30mlnostatnia nadzieja
55%
36mln2:00
54%
34mlnSzary świat
53%
47mlnetc.
52%
57mlnten Stan
48%
94mlnCześć jak się masz
43%
45mlnNo sory
41%
32mlnCząstka
40%
23mlnto Koniec
35%
20mlnSiebie zapytasz
31%
20mlnTęsknię sobie
25%

Rozkład punktacji

Percentyl według liczby udzielonych odpowiedzi

Procent ludzi z każdym wynikiem

Twoja historia wyników

Nie rozwiązałeś tego quizu od ostatniego zresetowania